[Event "47. Torneo Villa de Mislata - Torneo A"]
[Site "Mislata ESP"]
[Date "2013.08.17"]
[Round "8.20"]
[White "Cebrian Flores, Juan Antonio"]
[Black "Garcia Sancho, Josep"]
[Result "1/2-1/2"]
[WhiteElo "1988"]
[BlackElo "1735"]
[PlyCount "43"]
[EventDate "2013.08.12"]
[EventType "swiss"]
[EventRounds "9"]
[EventCountry "ESP"]
[Source "lmi"]
[SourceDate "2013.08.12"]

1. e4 c5 2. Nf3 Nc6 3. d4 cxd4 4. Nxd4 g6 5. c4 Nf6 6. Nc3 Nxd4 7. Qxd4 d6 8.
Be3 Bg7 9. f3 O-O 10. Qd2 a5 11. Be2 a4 12. O-O Qa5 13. Rac1 Be6 14. Rfd1 Rfc8
15. Nd5 Qxd2 16. Rxd2 Nxd5 17. exd5 Bd7 18. Rcd1 Rab8 19. Ba7 Ra8 20. Be3 Rab8
21. Ba7 Ra8 22. Be3 1/2-1/2

[Event "47. Torneo Villa de Mislata - Torneo A"]
[Site "Mislata ESP"]
[Date "2013.08.17"]
[Round "8.21"]
[White "Gimenez Ruiz, Jesus"]
[Black "Moreno Vicente, Jesus Miguel"]
[Result "0-1"]
[WhiteElo "1755"]
[BlackElo "1801"]
[PlyCount "158"]
[EventDate "2013.08.12"]
[EventType "swiss"]
[EventRounds "9"]
[EventCountry "ESP"]
[Source "lmi"]
[SourceDate "2013.08.12"]

1. d4 d5 2. Nf3 Nf6 3. h3 c6 4. e3 Bf5 5. Bd3 e6 6. c3 Bd6 7. Qc2 Bg6 8. Nbd2
Nbd7 9. e4 dxe4 10. Nxe4 Nxe4 11. Bxe4 Bxe4 12. Qxe4 Nf6 13. Qc2 O-O 14. Bg5 h6
15. h4 Be7 16. Be3 b5 17. Ne5 Qd5 18. f3 c5 19. Qb3 Qxb3 20. axb3 Nd5 21. Bf2
Rfc8 22. O-O Bd6 23. Nd3 c4 24. Nc1 b4 25. bxc4 bxc3 26. b3 Nb4 27. g3 e5 28.
d5 a5 29. Ne2 c2 30. Bb6 a4 31. bxa4 Rxc4 32. a5 Nxd5 33. Bf2 Ra6 34. Rfc1 Nb4
35. Ra3 Nd5 36. Ra2 Nb4 37. Ra3 Bc5 38. Bxc5 Rxc5 39. Rca1 Nc6 40. Rc1 Raxa5
41. Rb3 Nd4 42. Nxd4 exd4 43. Kf1 Kf8 44. Rd3 Ra4 45. f4 Ke7 46. Ke2 Kd6 47.
Kd2 Rac4 48. Rb3 Rc7 49. Kd3 Kd5 50. Rb5+ R4c5 51. Rxc2 Rxb5 52. Rxc7 Rb3+ 53.
Ke2 Rxg3 54. Rxf7 Ke4 55. h5 d3+ 56. Ke1 Ke3 57. Re7+ Kxf4 58. Kd2 Rg5 59. Kxd3
Kg4 60. Ke3 Kxh5 61. Kf3 Rf5+ 62. Kg3 g5 63. Re6 Ra5 64. Rf6 Ra7 65. Re6 Rg7
66. Rf6 Rg6 67. Rf1 Ra6 68. Rf7 Kg6 69. Rf3 h5 70. Re3 h4+ 71. Kh3 Kh5 72. Re5
Ra3+ 73. Kg2 h3+ 74. Kh2 Kh4 75. Re4+ g4 76. Re8 Ra2+ 77. Kh1 Rb2 78. Re7 Rb3
79. Kh2 g3+ 0-1

[Event "47. Torneo Villa de Mislata - Torneo A"]
[Site "Mislata ESP"]
[Date "2013.08.18"]
[Round "9.1"]
[White "Carrascoso Morales, Abel"]
[Black "Castella Garcia, Fausto"]
[Result "0-1"]
[WhiteElo "2288"]
[BlackElo "2338"]
[PlyCount "70"]
[EventDate "2013.08.12"]
[EventType "swiss"]
[EventRounds "9"]
[EventCountry "ESP"]
[Source "lmi"]
[SourceDate "2013.08.12"]

1. e4 c5 2. Nf3 g6 3. d4 Bg7 4. dxc5 Qa5+ 5. Bd2 Qxc5 6. Nc3 Nf6 7. Qe2 O-O 8.
Qc4 Qxc4 9. Bxc4 d6 10. O-O Nc6 11. Rfe1 Nd7 12. Bf1 Nb6 13. a4 Be6 14. Ng5 Bc4
15. a5 Bxf1 16. axb6 Ba6 17. bxa7 Nd4 18. Rec1 Rxa7 19. Nf3 Nxf3+ 20. gxf3 Raa8
21. Kg2 f5 22. Nd1 Rac8 23. Nc3 fxe4 24. fxe4 Bd4 25. f3 Kg7 26. Ra4 e5 27. Re1
Rf7 28. f4 Ba7 29. Kg3 exf4+ 30. Bxf4 Rcf8 31. Nd5 g5 32. Bxg5 Bf2+ 33. Kg4
Bxe1 34. Nf4 Rxf4+ 35. Bxf4 Be2+ 0-1

[Event "47. Torneo Villa de Mislata - Torneo A"]
[Site "Mislata ESP"]
[Date "2013.08.18"]
[Round "9.2"]
[White "Mingarro Carceller, Sergi"]
[Black "Cruz Lledo, Pablo"]
[Result "0-1"]
[WhiteElo "2195"]
[BlackElo "2271"]
[PlyCount "146"]
[EventDate "2013.08.12"]
[EventType "swiss"]
[EventRounds "9"]
[EventCountry "ESP"]
[Source "lmi"]
[SourceDate "2013.08.12"]

1. d4 d5 2. c4 dxc4 3. e3 e5 4. Bxc4 exd4 5. exd4 Bd6 6. Nf3 Nf6 7. O-O O-O 8.
h3 h6 9. Nc3 Nc6 10. Qd3 Na5 11. Bb5 Bd7 12. Be3 a6 13. Bxd7 Qxd7 14. Rfd1 Rfe8
15. Rac1 Nc6 16. a3 Rad8 17. Qc2 Qc8 18. Na4 Nd5 19. Bd2 Nf4 20. Bxf4 Bxf4 21.
Rb1 Rd6 22. Nc3 Qd7 23. Ne2 Bg5 24. Rd3 Bf6 25. Rbd1 Rd8 26. Qb3 Na5 27. Qc3
Nc6 28. Qb3 Qe6 29. Qxe6 fxe6 30. Kf1 e5 31. Ng3 Nxd4 32. Ne4 Rd5 33. Nh2 Be7
34. Ng4 c5 35. Nc3 R5d6 36. Nxe5 b5 37. Ng4 h5 38. Ne3 g6 39. Ne2 Bf6 40. b3
Kf7 41. Ng3 Re6 42. Rc1 Be7 43. Ne2 Red6 44. Ng3 Ne6 45. Rxd6 Rxd6 46. Rb1 Rd3
47. Ke2 Rxb3 48. Rxb3 Nd4+ 49. Kd3 Nxb3 50. Kc3 Nd4 51. Nd5 Bf8 52. Ne4 Ne2+
53. Kd2 Nd4 54. Kd3 Ne6 55. Kc3 Bg7+ 56. Kb3 Ke8 57. g3 Kd7 58. a4 Nd4+ 59. Ka2
c4 60. Ne3 Kc6 61. f4 Nf5 62. Nf1 Kd5 63. Ned2 Bd4 64. g4 hxg4 65. hxg4 Ne3 66.
axb5 axb5 67. Nh2 Bc3 68. Ndf1 Nxf1 69. Nxf1 Ke4 70. f5 g5 71. Ng3+ Kf3 72. Nh5
Kxg4 73. f6 Kxh5 0-1

[Event "47. Torneo Villa de Mislata - Torneo A"]
[Site "Mislata ESP"]
[Date "2013.08.18"]
[Round "9.3"]
[White "Aymerich Rosell, Pablo"]
[Black "Kovacevic, Slobodan"]
[Result "0-1"]
[WhiteElo "2199"]
[BlackElo "2337"]
[PlyCount "88"]
[EventDate "2013.08.12"]
[EventType "swiss"]
[EventRounds "9"]
[EventCountry "ESP"]
[Source "lmi"]
[SourceDate "2013.08.12"]

1. d4 Nf6 2. c4 e6 3. Nc3 c5 4. d5 exd5 5. cxd5 d6 6. e4 g6 7. Nge2 Bg7 8. Ng3
O-O 9. Be2 a6 10. a4 Nbd7 11. O-O Rb8 12. Be3 h5 13. f3 Nh7 14. Qd2 h4 15. Nh1
Ne5 16. h3 f5 17. f4 Nf7 18. exf5 Bxf5 19. Bd3 Nh6 20. Nf2 Nf6 21. a5 Re8 22.
Rfb1 Nh5 23. Ncd1 Ng3 24. Ra3 Bxd3 25. Qxd3 Nhf5 26. b4 Bd4 27. Ng4 cxb4 28.
Rxb4 Bc5 29. Nh6+ Kf8 30. Nxf5 gxf5 31. Rb1 Bxa3 32. Qxa3 Qe7 33. Rb6 Rbd8 34.
Qb2 Kf7 35. Rxb7 Rd7 36. Rb3 Qe4 37. Rb7 Rde7 38. Rxe7+ Rxe7 39. Qh8 Qxd5 40.
Nc3 Qd3 41. Qh7+ Ke8 42. Qg8+ Kd7 43. Kh2 Nf1+ 44. Kh1 Nxe3 0-1

[Event "47. Torneo Villa de Mislata - Torneo A"]
[Site "Mislata ESP"]
[Date "2013.08.18"]
[Round "9.4"]
[White "Sos Andreu, Eric"]
[Black "Montalban Galvez, Antoni"]
[Result "0-1"]
[WhiteElo "2229"]
[BlackElo "2197"]
[PlyCount "68"]
[EventDate "2013.08.12"]
[EventType "swiss"]
[EventRounds "9"]
[EventCountry "ESP"]
[Source "lmi"]
[SourceDate "2013.08.12"]

1. d4 Nf6 2. c4 c5 3. d5 e6 4. Nc3 exd5 5. cxd5 d6 6. g3 g6 7. Bg2 Bg7 8. Nf3
O-O 9. O-O Re8 10. Nd2 a6 11. a4 Nbd7 12. Nc4 Ne5 13. Na3 Bd7 14. h3 Nh5 15. g4
Nxg4 16. hxg4 Bxg4 17. Qd3 b5 18. f3 Bd4+ 19. e3 Nf4 20. Qc2 Rxe3 21. Bxe3
Bxe3+ 22. Rf2 Bh3 23. Bf1 b4 24. Ne4 bxa3 25. Rxa3 Bd4 26. Kh1 Bxf2 27. Qxf2
Bxf1 28. Qxf1 Qh4+ 29. Kg1 Rb8 30. b3 Re8 31. Ra2 Nh3+ 32. Kg2 f5 33. Nxd6 Nf4+
34. Kg1 Re1 0-1

[Event "47. Torneo Villa de Mislata - Torneo A"]
[Site "Mislata ESP"]
[Date "2013.08.18"]
[Round "9.5"]
[White "Saenz Narciso, Miguel Angel"]
[Black "Laliena Solanes, Luis"]
[Result "0-1"]
[WhiteElo "2206"]
[BlackElo "2162"]
[PlyCount "76"]
[EventDate "2013.08.12"]
[EventType "swiss"]
[EventRounds "9"]
[EventCountry "ESP"]
[Source "lmi"]
[SourceDate "2013.08.12"]

1. e4 c6 2. Nc3 d5 3. Nf3 Nf6 4. e5 Ne4 5. Nb1 Qb6 6. Qe2 Bg4 7. d3 Ng5 8. Nbd2
Nxf3+ 9. Nxf3 e6 10. h3 Bxf3 11. Qxf3 Nd7 12. Qe2 Qd4 13. f4 Bb4+ 14. Kd1 Qb6
15. g4 O-O-O 16. Bg2 Rde8 17. c3 Be7 18. Be3 c5 19. Kc2 Kb8 20. Rac1 Rc8 21. c4
Qc6 22. Kb1 Nb6 23. b3 Qc7 24. Bd2 f6 25. Rce1 Rhe8 26. exf6 Bxf6 27. cxd5 Qd7
28. g5 exd5 29. Qg4 Qb5 30. gxf6 Qxd3+ 31. Kc1 Qd4 32. Kc2 c4 33. b4 Qd3+ 34.
Kc1 c3 35. Be3 Rxe3 36. Rd1 Qc4 37. Bxd5 Qxb4 38. Bb3 Qa3+ 0-1

[Event "47. Torneo Villa de Mislata - Torneo A"]
[Site "Mislata ESP"]
[Date "2013.08.18"]
[Round "9.6"]
[White "Sanchez Dengra, Jose Maria"]
[Black "Buenafe Moya, Javier"]
[Result "1/2-1/2"]
[WhiteElo "2134"]
[BlackElo "2229"]
[PlyCount "129"]
[EventDate "2013.08.12"]
[EventType "swiss"]
[EventRounds "9"]
[EventCountry "ESP"]
[Source "lmi"]
[SourceDate "2013.08.12"]

1. e4 e5 2. Nf3 d6 3. d4 Nf6 4. Bc4 c6 5. Ng5 d5 6. exd5 h6 7. dxe5 hxg5 8.
exf6 Qxf6 9. Qe2+ Be7 10. Nc3 Kf8 11. Bd2 b5 12. Bb3 b4 13. Na4 Ba6 14. Qe3 Nd7
15. O-O-O c5 16. c4 Rh4 17. d6 Qxd6 18. Bxb4 Qc6 19. Bc3 Bxc4 20. Bxg7+ Kxg7
21. Qxe7 Bxb3 22. Qxg5+ Qg6 23. Qxg6+ Kxg6 24. axb3 Nf6 25. f3 Rb8 26. Rd3 c4
27. bxc4 Rxc4+ 28. Nc3 Nh5 29. Rd6+ f6 30. Re1 Rcb4 31. Re2 Nf4 32. Red2 Rc8
33. Kd1 Rb3 34. Ra6 Rh8 35. h3 Rh7 36. Ne4 Rf7 37. Kc2 Re3 38. h4 Rc7+ 39. Kb1
Re1+ 40. Ka2 Rf7 41. Rdd6 Nxg2 42. Rxf6+ Rxf6 43. Rxf6+ Kh5 44. Rf7 Kg6 45.
Rxa7 Nxh4 46. Nd2 Rd1 47. Rd7 Kf5 48. Rh7 Ng6 49. Nc4 Rd3 50. Rb7 Nh4 51. Rb5+
Ke6 52. Re5+ Kf6 53. Re3 Rxe3 54. Nxe3 Nxf3 55. b4 Ke6 56. Ka3 Kd6 57. Ka4 Kc6
58. b5+ Kb7 59. Nc4 Nd4 60. b6 Nc2 61. Ka5 Nd4 62. Nd6+ Kb8 63. Ka6 Ne6 64. Ne4
Nc7+ 65. Ka5 1/2-1/2

[Event "47. Torneo Villa de Mislata - Torneo A"]
[Site "Mislata ESP"]
[Date "2013.08.18"]
[Round "9.7"]
[White "Martin Capitan, Feliciano"]
[Black "Rebole Arbea, Jose Ignacio"]
[Result "1-0"]
[WhiteElo "2105"]
[BlackElo "2187"]
[PlyCount "77"]
[EventDate "2013.08.12"]
[EventType "swiss"]
[EventRounds "9"]
[EventCountry "ESP"]
[Source "lmi"]
[SourceDate "2013.08.12"]

1. e4 c5 2. c4 Nc6 3. Nc3 g6 4. g3 Bg7 5. Bg2 e6 6. Nge2 Nge7 7. O-O O-O 8. d3
Nd4 9. Nxd4 cxd4 10. Ne2 d6 11. Bd2 a5 12. Qc1 Nc6 13. Bh6 a4 14. Bxg7 Kxg7 15.
b4 Nxb4 16. Qb2 Nc6 17. Nxd4 Qf6 18. e5 Nxe5 19. Qa3 Nxc4 20. dxc4 Qxd4 21.
Rfd1 Qf6 22. Qxd6 Ra6 23. Qc7 e5 24. c5 e4 25. Bxe4 Bg4 26. Re1 Rc8 27. Qxb7
Rxc5 28. Rac1 Rb6 29. Qa7 Rxc1 30. Rxc1 Rb4 31. Bd5 Qf5 32. Bxf7 Kh6 33. Bg8
Qd7 34. Qe3+ Kg7 35. Bc4 Rb7 36. Qe5+ Kh6 37. Bd5 Ra7 38. Qf4+ Kg7 39. Bc6 1-0

[Event "47. Torneo Villa de Mislata - Torneo A"]
[Site "Mislata ESP"]
[Date "2013.08.18"]
[Round "9.8"]
[White "Fernandez Ayuso, Sergio"]
[Black "Rubio Tent, Francisco"]
[Result "1/2-1/2"]
[WhiteElo "2043"]
[BlackElo "2150"]
[PlyCount "54"]
[EventDate "2013.08.12"]
[EventType "swiss"]
[EventRounds "9"]
[EventCountry "ESP"]
[Source "lmi"]
[SourceDate "2013.08.12"]

1. d4 d5 2. Nf3 Nf6 3. Bf4 c6 4. c3 Bf5 5. Nh4 Bg6 6. Nxg6 hxg6 7. h3 e6 8. Qb3
Qb6 9. Nd2 Nbd7 10. e3 c5 11. Qxb6 Nxb6 12. Bd3 Rc8 13. O-O c4 14. Bc2 Kd7 15.
e4 dxe4 16. Nxe4 Nxe4 17. Bxe4 Nd5 18. Bg3 Bd6 19. Rae1 b5 20. Bxd5 exd5 21.
Bxd6 Kxd6 22. Re3 Rhe8 23. Rfe1 Rxe3 24. Rxe3 a5 25. Kf1 b4 26. Ke1 Rb8 27. Kd2
Ra8 1/2-1/2

[Event "47. Torneo Villa de Mislata - Torneo A"]
[Site "Mislata ESP"]
[Date "2013.08.18"]
[Round "9.9"]
[White "Ribera Cebolla, Marc"]
[Black "Jimenez Martin, Gustavo"]
[Result "1/2-1/2"]
[WhiteElo "2029"]
[BlackElo "2136"]
[PlyCount "38"]
[EventDate "2013.08.12"]
[EventType "swiss"]
[EventRounds "9"]
[EventCountry "ESP"]
[Source "lmi"]
[SourceDate "2013.08.12"]

1. e4 c6 2. d4 d5 3. Nc3 dxe4 4. Nxe4 Nf6 5. Nxf6+ gxf6 6. c3 Bf5 7. Nf3 Qc7 8.
g3 Nd7 9. Bg2 e6 10. O-O Bd6 11. Qe2 Bg4 12. h3 Bh5 13. c4 c5 14. b4 cxd4 15.
c5 Be5 16. Qd2 d3 17. Rb1 Bg6 18. Nh4 Rd8 19. Nxg6 hxg6 1/2-1/2

[Event "47. Torneo Villa de Mislata - Torneo A"]
[Site "Mislata ESP"]
[Date "2013.08.18"]
[Round "9.10"]
[White "Lopez Mulet, Inigo"]
[Black "Garcia De Lomas Guerrero, Carlos"]
[Result "1/2-1/2"]
[WhiteElo "2120"]
[BlackElo "2013"]
[PlyCount "72"]
[EventDate "2013.08.12"]
[EventType "swiss"]
[EventRounds "9"]
[EventCountry "ESP"]
[Source "lmi"]
[SourceDate "2013.08.12"]

1. d4 Nf6 2. c4 e6 3. g3 d5 4. Nf3 Be7 5. Bg2 O-O 6. O-O dxc4 7. Ne5 Nc6 8.
Bxc6 bxc6 9. Nxc6 Qe8 10. Nxe7+ Qxe7 11. Qa4 e5 12. dxe5 Qxe5 13. Qxc4 Be6 14.
Qf4 Qxe2 15. Nc3 Qh5 16. f3 Nd5 17. Nxd5 Qxd5 18. Be3 Rfd8 19. b3 c5 20. Rac1
Rac8 21. Rf2 c4 22. Rd2 Qa5 23. Rxd8+ Rxd8 24. bxc4 Qxa2 25. c5 Qe2 26. Bf2 h6
27. Qe3 Rd1+ 28. Rxd1 Qxd1+ 29. Kg2 Qd7 30. g4 Qc6 31. h3 a5 32. Qf4 Bd5 33.
Qb8+ Kh7 34. Qb1+ Kg8 35. Qb8+ Kh7 36. Qb1+ Kg8 1/2-1/2

[Event "47. Torneo Villa de Mislata - Torneo A"]
[Site "Mislata ESP"]
[Date "2013.08.18"]
[Round "9.11"]
[White "Jordan Arenas, Manuel"]
[Black "Calvo Alfonso, Vicente"]
[Result "1-0"]
[WhiteElo "2114"]
[BlackElo "2177"]
[PlyCount "90"]
[EventDate "2013.08.12"]
[EventType "swiss"]
[EventRounds "9"]
[EventCountry "ESP"]
[Source "lmi"]
[SourceDate "2013.08.12"]

1. d4 d5 2. c4 c6 3. Nf3 Nf6 4. e3 a6 5. c5 g6 6. Ne5 Bg7 7. Be2 Nfd7 8. f4 f6
9. Nd3 e6 10. Bd2 O-O 11. Bc3 Qe7 12. O-O Re8 13. Nd2 e5 14. Re1 e4 15. Nf2 Nf8
16. b4 Ne6 17. Nb3 Nd7 18. Na5 f5 19. a4 Nf6 20. b5 Qc7 21. bxc6 bxc6 22. Rb1
Nd7 23. Nb3 Nf6 24. Qc2 g5 25. g3 Bh6 26. Nh3 Kh8 27. fxg5 Bxg5 28. Nf4 Rg8 29.
Kh1 Ng4 30. Bxg4 fxg4 31. Nd2 Nxf4 32. exf4 Bf6 33. Nf1 Qg7 34. Qd2 h5 35. Ne3
Bd8 36. Ba1 Bc7 37. Kg2 h4 38. Rh1 h3+ 39. Kf2 a5 40. Bc3 Qf7 41. Rhe1 Rf8 42.
Kg1 Kh7 43. Rb2 Qf6 44. Reb1 Rf7 45. Rb3 Qg7 1-0

[Event "47. Torneo Villa de Mislata - Torneo A"]
[Site "Mislata ESP"]
[Date "2013.08.18"]
[Round "9.12"]
[White "Jordan Martinez, Miguel"]
[Black "Gonzalvez Perales, Jose Luis"]
[Result "1-0"]
[WhiteElo "2172"]
[BlackElo "1963"]
[PlyCount "81"]
[EventDate "2013.08.12"]
[EventType "swiss"]
[EventRounds "9"]
[EventCountry "ESP"]
[Source "lmi"]
[SourceDate "2013.08.12"]

1. e4 c6 2. d4 d5 3. e5 c5 4. dxc5 e6 5. Nf3 Bxc5 6. Bd3 Nc6 7. O-O Nge7 8. Bf4
Ng6 9. Bg3 Bd7 10. Nbd2 Be7 11. c3 O-O 12. Nb3 a6 13. Qe2 b5 14. Kh1 Qb6 15. h4
Rfc8 16. h5 Nf8 17. Bf4 f5 18. g4 d4 19. Nfxd4 Nxd4 20. Nxd4 b4 21. Be3 bxc3
22. bxc3 Qb7+ 23. Kh2 Qd5 24. c4 Qxe5+ 25. f4 Qa5 26. Nb3 Qc7 27. Bd4 fxg4 28.
c5 Qd8 29. Bxa6 Qe8 30. Kg3 Rxa6 31. Qxa6 Bb5 32. Qb7 Bc6 33. Qa6 Qxh5 34. Kf2
Bh4+ 35. Ke3 e5 36. Qxc8 exd4+ 37. Nxd4 Bd5 38. Qf5 Qe8+ 39. Qe5 Qa8 40. c6 Bf6
41. Qxd5+ 1-0

[Event "47. Torneo Villa de Mislata - Torneo A"]
[Site "Mislata ESP"]
[Date "2013.08.18"]
[Round "9.13"]
[White "Sanchiz Marti, Josep Miquel"]
[Black "Gonzalez Aguirre, Luis"]
[Result "0-1"]
[WhiteElo "2047"]
[BlackElo "2151"]
[PlyCount "104"]
[EventDate "2013.08.12"]
[EventType "swiss"]
[EventRounds "9"]
[EventCountry "ESP"]
[Source "lmi"]
[SourceDate "2013.08.12"]

1. d4 d5 2. c4 c6 3. Nf3 Nf6 4. Nc3 dxc4 5. a4 c5 6. e4 cxd4 7. Qxd4 Qxd4 8.
Nxd4 e5 9. Ndb5 Na6 10. Bxc4 Bc5 11. Ke2 O-O 12. Be3 Bxe3 13. Kxe3 Bd7 14. Nd6
Nb4 15. Rac1 Bc6 16. Rhd1 a6 17. f3 Ne8 18. Nf5 g6 19. Ne7+ Kg7 20. Rd2 Nf6 21.
Nxc6 Nxc6 22. Nd5 Rfd8 23. Nxf6 Rxd2 24. Nh5+ gxh5 25. Kxd2 Rd8+ 26. Ke3 Nd4
27. Bd5 Rd7 28. b4 h4 29. f4 f6 30. f5 Nxf5+ 31. exf5 Rxd5 32. Rc7+ Kh6 33.
Rxb7 Rd4 34. a5 Kg5 35. Rxh7 Rxb4 36. Ra7 Kxf5 37. Rxa6 Rb2 38. Rb6 Rxg2 39.
Rb4 Ra2 40. Rxh4 Ra3+ 41. Ke2 Rxa5 42. Rh8 Ra2+ 43. Ke3 Ra3+ 44. Ke2 e4 45. h3
Kf4 46. Rh4+ Ke5 47. Rh8 f5 48. h4 Kf4 49. h5 Ra2+ 50. Ke1 Ke3 51. Kf1 Kf3 52.
Ke1 e3 0-1

[Event "47. Torneo Villa de Mislata - Torneo A"]
[Site "Mislata ESP"]
[Date "2013.08.18"]
[Round "9.14"]
[White "Cano Cabanillas, Javier"]
[Black "Pena Riasco, Alexander"]
[Result "0-1"]
[WhiteElo "2010"]
[BlackElo "2121"]
[PlyCount "58"]
[EventDate "2013.08.12"]
[EventType "swiss"]
[EventRounds "9"]
[EventCountry "ESP"]
[Source "lmi"]
[SourceDate "2013.08.12"]

1. e4 d5 2. exd5 Qxd5 3. Nc3 Qa5 4. g3 Nf6 5. Bg2 Nc6 6. Nge2 e5 7. O-O Bd6 8.
d3 h6 9. Bd2 Qb6 10. b3 Bg4 11. Qe1 O-O 12. Be3 Qa6 13. f3 Be6 14. Kh1 Rfe8 15.
Qd2 Ne7 16. a4 Ned5 17. Nxd5 Nxd5 18. Bg1 Rad8 19. c4 Nb4 20. c5 Bxc5 21. Bxc5
Nxd3 22. Qc3 Nxc5 23. Qxc5 Qxe2 24. Rfe1 Qb2 25. Rab1 Qa2 26. Qxc7 Rd2 27. Ra1
Qxb3 28. Rab1 Qxa4 29. Rxb7 Rd7 0-1

[Event "47. Torneo Villa de Mislata - Torneo A"]
[Site "Mislata ESP"]
[Date "2013.08.18"]
[Round "9.15"]
[White "Ribes Peris, Alvaro"]
[Black "Nieves Cabanes, Jose Manuel"]
[Result "0-1"]
[WhiteElo "2109"]
[BlackElo "2048"]
[PlyCount "48"]
[EventDate "2013.08.12"]
[EventType "swiss"]
[EventRounds "9"]
[EventCountry "ESP"]
[Source "lmi"]
[SourceDate "2013.08.12"]

1. d4 d5 2. c4 c6 3. Nf3 Nf6 4. cxd5 cxd5 5. Bf4 Qb6 6. Qc2 Nc6 7. e3 Nb4 8.
Qb3 Bf5 9. Bc7 Qxc7 10. Qxb4 Qc1+ 11. Ke2 Bxb1 12. Nd2 Bd3+ 13. Kf3 Be4+ 14.
Nxe4 dxe4+ 15. Kg3 Qc7+ 16. f4 exf3+ 17. Kxf3 Qc6+ 18. Kf2 Ne4+ 19. Ke1 e6 20.
Qb3 a6 21. Rd1 Be7 22. d5 exd5 23. Rxd5 O-O 24. Re5 Bf6 0-1

[Event "47. Torneo Villa de Mislata - Torneo A"]
[Site "Mislata ESP"]
[Date "2013.08.18"]
[Round "9.16"]
[White "Gonzalez Santamartina, Jorge"]
[Black "Ortega Lopez, Mikel"]
[Result "0-1"]
[WhiteElo "1891"]
[BlackElo "1988"]
[PlyCount "48"]
[EventDate "2013.08.12"]
[EventType "swiss"]
[EventRounds "9"]
[EventCountry "ESP"]
[Source "lmi"]
[SourceDate "2013.08.12"]

1. e4 c5 2. Nf3 Nc6 3. d4 cxd4 4. Nxd4 Nf6 5. Nc3 d6 6. g3 Nxd4 7. Qxd4 g6 8.
Bg2 Bg7 9. Qd3 O-O 10. h3 Qa5 11. O-O Be6 12. Bd2 Qc7 13. Rfe1 a6 14. Rac1 Rac8
15. b3 Rfe8 16. Ne2 b5 17. Nd4 Nd7 18. Nxe6 fxe6 19. c3 Rf8 20. Qe2 Qa5 21. Bg5
Rf7 22. c4 bxc4 23. Rxc4 Rxc4 24. bxc4 Qxg5 0-1

[Event "47. Torneo Villa de Mislata - Torneo A"]
[Site "Mislata ESP"]
[Date "2013.08.18"]
[Round "9.17"]
[White "Moreno Vicente, Jesus Miguel"]
[Black "Morant Amezaga, Elies"]
[Result "1-0"]
[WhiteElo "1801"]
[BlackElo "2022"]
[PlyCount "131"]
[EventDate "2013.08.12"]
[EventType "swiss"]
[EventRounds "9"]
[EventCountry "ESP"]
[Source "lmi"]
[SourceDate "2013.08.12"]

1. e4 e5 2. Nf3 Nf6 3. Nxe5 d6 4. Nf3 Nxe4 5. Nc3 Nf6 6. d4 Be7 7. Bg5 Nc6 8.
Bc4 O-O 9. Qd2 a6 10. O-O Bg4 11. Be2 d5 12. h3 Bh5 13. Rfe1 Re8 14. Rad1 Bb4
15. Qf4 Re6 16. Qh4 Bg6 17. Bd3 Rxe1+ 18. Rxe1 Be7 19. Bxg6 fxg6 20. Ne5 Ne8
21. Qg4 Nxe5 22. Qe6+ Kf8 23. Bxe7+ Qxe7 24. Qxe7+ Kxe7 25. Rxe5+ Kf7 26. Nxd5
Rd8 27. c3 c6 28. Nf4 Nd6 29. Ne6 Rd7 30. Ng5+ Kg8 31. b3 h6 32. Ne4 Nf5 33.
Nc5 Rc7 34. Re8+ Kf7 35. Rb8 Nd6 36. f3 g5 37. Kf2 Re7 38. Ne4 Ke6 39. Ke3 Kd7
40. Kd3 Kc7 41. Rf8 Rf7 42. Rxf7+ Nxf7 43. Nc5 Nd8 44. Ke4 Kd6 45. Kf5 Kd5 46.
Kg6 b6 47. Nxa6 Ne6 48. Nb4+ Kd6 49. Nd3 Kd5 50. Nb4+ Kd6 51. g3 Kd7 52. Nc2
Ke7 53. Ne3 Kf8 54. Nc4 b5 55. Ne5 b4 56. cxb4 Nxd4 57. a4 Ke7 58. Kxg7 h5 59.
a5 Ke6 60. a6 Kxe5 61. a7 Ne6+ 62. Kg6 Nc7 63. Kxg5 Kd4 64. f4 Kc3 65. f5 Kxb4
66. f6 1-0

[Event "47. Torneo Villa de Mislata - Torneo A"]
[Site "Mislata ESP"]
[Date "2013.08.18"]
[Round "9.18"]
[White "Guillem Mora, Carlos"]
[Black "Cebrian Flores, Juan Antonio"]
[Result "1/2-1/2"]
[WhiteElo "1903"]
[BlackElo "1988"]
[PlyCount "104"]
[EventDate "2013.08.12"]
[EventType "swiss"]
[EventRounds "9"]
[EventCountry "ESP"]
[Source "lmi"]
[SourceDate "2013.08.12"]

1. c4 Nf6 2. Nc3 g6 3. g3 Bg7 4. Bg2 d6 5. Nf3 O-O 6. O-O e5 7. d3 h6 8. Rb1 a5
9. a3 Nc6 10. b4 axb4 11. axb4 Be6 12. Bd2 Qd7 13. c5 Nh5 14. Qc1 Kh7 15. b5
Ne7 16. c6 bxc6 17. bxc6 Nxc6 18. Nb5 Ra6 19. h3 Rc8 20. g4 Nf4 21. Bxf4 exf4
22. d4 Ne7 23. Qxf4 Nd5 24. Qd2 Nb6 25. Rfc1 Ra2 26. Qd1 f5 27. g5 f4 28. Kh2
Qe7 29. h4 Bf5 30. Nc3 Bxb1 31. Rxb1 Ra5 32. Qd2 Nc4 33. Qd3 Na3 34. Rb3 h5 35.
Ne4 d5 36. Nf6+ Bxf6 37. gxf6 Qxf6 38. Rxa3 Rxa3 39. Qxa3 c6 40. Ng5+ Kh6 41.
Qa7 Rh8 42. Nf7+ Kg7 43. Nxh8+ Kxh8 44. Qb8+ Kh7 45. Qc7+ Kh6 46. Qe5 Qxh4+ 47.
Kg1 Qg4 48. Qh8+ Kg5 49. Qd8+ Kh6 50. Qh8+ Kg5 51. Qd8+ Kh6 52. Qh8+ Kg5
1/2-1/2

[Event "47. Torneo Villa de Mislata - Torneo A"]
[Site "Mislata ESP"]
[Date "2013.08.18"]
[Round "9.19"]
[White "Gomez Sanjuan, Hector Fernando"]
[Black "Cabero Feliciano, Guillermo"]
[Result "0-1"]
[WhiteElo "1711"]
[BlackElo "2072"]
[PlyCount "70"]
[EventDate "2013.08.12"]
[EventType "swiss"]
[EventRounds "9"]
[EventCountry "ESP"]
[Source "lmi"]
[SourceDate "2013.08.12"]

1. d4 e6 2. c4 b6 3. Nc3 Bb7 4. Nf3 Bb4 5. g3 f5 6. Bg2 Nf6 7. Bg5 O-O 8. O-O
Bxc3 9. bxc3 Qe8 10. Bxf6 Rxf6 11. Rb1 d6 12. Qb3 Nd7 13. Ne5 Bxg2 14. Nxd7
Qxd7 15. Kxg2 g5 16. d5 e5 17. Qb5 Qf7 18. f3 a5 19. a4 Re8 20. e4 fxe4 21.
fxe4 Rf8 22. c5 Rf2+ 23. Kg1 Qf3 24. Rxf2 Qxf2+ 25. Kh1 Qf3+ 26. Kg1 Qe3+ 27.
Kh1 Qxe4+ 28. Kg1 Qe3+ 29. Kh1 bxc5 30. c4 Qe4+ 31. Kg1 Kg7 32. Qb3 Rf3 33. Qb5
Kh6 34. Rf1 Qe3+ 35. Kg2 Qe2+ 0-1

[Event "47. Torneo Villa de Mislata - Torneo A"]
[Site "Mislata ESP"]
[Date "2013.08.18"]
[Round "9.20"]
[White "Garcia Sancho, Josep"]
[Black "Gimenez Ruiz, Jesus"]
[Result "1-0"]
[WhiteElo "1735"]
[BlackElo "1755"]
[PlyCount "135"]
[EventDate "2013.08.12"]
[EventType "swiss"]
[EventRounds "9"]
[EventCountry "ESP"]
[Source "lmi"]
[SourceDate "2013.08.12"]

1. d4 d5 2. c4 c6 3. Nf3 Nf6 4. Nc3 e6 5. g3 Nbd7 6. Bg2 Be7 7. O-O O-O 8. Qc2
b6 9. e4 dxe4 10. Nxe4 Nxe4 11. Qxe4 Bb7 12. Rd1 Nf6 13. Qc2 Qc7 14. Bf4 Bd6
15. Bxd6 Qxd6 16. c5 Qc7 17. Rac1 Rfd8 18. Ne5 Rac8 19. Qa4 Nd5 20. Bxd5 Rxd5
21. Ng4 Qb8 22. Ne3 Rd7 23. Qb3 Ba6 24. Qc3 Be2 25. Rd2 Bb5 26. Ng4 Rcd8 27.
Rcd1 Qc8 28. Qe3 Rd5 29. b3 Qc7 30. Ne5 bxc5 31. dxc5 h6 32. Rxd5 Rxd5 33. Rxd5
cxd5 34. a4 Be8 35. Qc3 f6 36. Nd3 e5 37. Qb4 d4 38. Qa3 a5 39. Qa2 Bf7 40. Qc2
Bd5 41. Nb2 Kf7 42. Nc4 Kf8 43. Nb6 Bb7 44. Qf5 Qc6 45. Kf1 Kg8 46. Nd7 Bc8 47.
Nxf6+ gxf6 48. Qg6+ Kf8 49. Qxh6+ Kf7 50. Qh7+ Ke6 51. Qg8+ Kd7 52. Qf7+ Kd8
53. Qg6 Ba6+ 54. Ke1 Qe6 55. h4 e4 56. Qh6 e3 57. fxe3 dxe3 58. Qf8+ Kc7 59.
Qa8 f5 60. Qa7+ Kd8 61. Qb8+ Ke7 62. Qc7+ Kf6 63. Qxa5 Qc6 64. Qb6 Qxb6 65.
cxb6 Kg6 66. b4 Kh5 67. b5 Bb7 68. a5 1-0